000 01114nam a2200289 i 4500
001 187225
003 SpMaBN
005 20250629063154.0
008 170516s2003 sp cf |||| |bspa d
020 _a84-95894-56-4
080 _a929 José María Rubio, Santo (0:82)
100 1 _aLamet, Pedro Miguel.
_969846
_eaut
245 1 0 _aComo lámpara encendida :
_bJosé María Rubio (1864-1929) /
_cPedro Miguel Lamet.
250 _a1ª ed.
260 _aBarcelona :
_bBelacqva,
_c2003.
300 _a253 páginas, [32] páginas de láminas :
_b1 ilustración ;
_c23 cm.
490 1 _aPuertas abiertas
500 _aCronología
500 _aDonativo herederos de la bibl. de M.ª del Pilar Costa Palacín
599 _aLa il. es una carta autógrafa de José María Rubio
600 0 7 _aJosé María Rubio,
_cSanto,
_d1864-1929
_9162686
_2embne
830 0 _aPuertas abiertas
_9183412
852 _aES-MaACL
_cDEPO2
_hDonat. herederos de la bibl. de Mª del Pilar Costa Palacín
_jL-31638
_xCartoné
942 _2udc
_cMONOGRAFIA
_n0
999 _c187225
_d187225